[Event "SVE Seniors op 2nd"]
[Site "Eidelstedt"]
[Date "2019.07.29"]
[Round "5"]
[White "Zippert, Georg"]
[Black "Knops, Peter"]
[Result "0-1"]
[WhiteElo "1847"]
[BlackElo "1947"]
[PlyCount "42"]
[EventDate "2019.07.15"]
[EventType "swiss"]
[EventRounds "7"]
[EventCountry "GER"]
[SourceTitle "EXT 2020"]
[Source "ChessBase"]
[SourceDate "2019.10.17"]
[SourceVersion "1"]
[SourceVersionDate "2019.10.17"]
[SourceQuality "1"]

1. e4 e6 2. d4 d5 3. Nc3 Bb4 4. exd5 exd5 5. Bd2 Nc6 6. Bb5 Nge7 7. Nf3 Bg4 8. 0-0 0-0 9. Be3 Nf5 10. Be2 Nxe3 11. fxe3 Re8 12. Qd3 Qd7 13. Ng5 g6 14. Rxf7 Qd8 15. Bxg4 Qxg5 16. Rf4 Bd6 17. Bd7 Re7 18. Rg4 Qh5 19. Bf5 Rf8 20. Rf1 Bxh2+ 21. Kf2 Qxg4 0-1

[Event "Blankenese op 1st"]
[Site "Hamburg"]
[Date "2017.10.01"]
[Round "3.19"]
[White "Zippert, Georg"]
[Black "Urban, Ralf Dieter"]
[Result "0-1"]
[WhiteElo "1854"]
[BlackElo "1995"]
[PlyCount "88"]
[EventDate "2017.09.30"]
[EventType "swiss"]
[EventRounds "7"]
[EventCountry "GER"]
[SourceTitle "EXT 2020"]
[Source "ChessBase"]
[SourceDate "2019.10.17"]
[SourceVersion "1"]
[SourceVersionDate "2019.10.17"]
[SourceQuality "1"]

1. e4 e5 2. Nf3 Nc6 3. Bc4 Nf6 4. d3 Be7 5. Bg5 h6 6. Bh4 g5 7. Bg3 d6 8. c3 Bg4 9. h3 Bh5 10. Nbd2 Qd7 11. Qc2 Na5 12. Bb3 Nxb3 13. Qxb3 0-0-0 14. d4 Bg6 15. Qc2 Qc6 16. d5 Qxd5 17. exd5 Bxc2 18. Rc1 Bd3 19. c4 Nh5 20. Rc3 e4 21. Nd4 Nxg3 22. fxg3 Bf6 23. N2b3 Be5 24. Kf2 f5 25. Rxd3 exd3 26. Nxf5 Rdf8 27. g4 h5 28. Ke3 hxg4 29. Ne7+ Kd7 30. Ng6 gxh3 31. Nxf8+ Rxf8 32. Rxh3 Rf7 33. Rf3 Rxf3+ 34. gxf3 Bxb2 35. Kxd3 c6 36. Ke4 Be5 37. Nc1 b5 38. dxc6+ Kxc6 39. cxb5+ Kxb5 40. Nd3 Bg3 41. Kf5 Kc4 42. Nc1 Bf4 43. Nb3 d5 44. Na5+ Kc3 0-1

[Event "Hamburg-ch Seniors 23rd"]
[Site "Hamburg"]
[Date "2016.11.07"]
[Round "6"]
[White "Zippert, Georg"]
[Black "Ditmas, Hugh"]
[Result "0-1"]
[WhiteElo "1834"]
[BlackElo "2006"]
[PlyCount "60"]
[EventDate "2016.11.02"]
[EventType "swiss"]
[EventRounds "9"]
[EventCountry "GER"]
[SourceTitle "EXT 2019"]
[Source "ChessBase"]
[SourceDate "2018.10.10"]
[SourceVersion "1"]
[SourceVersionDate "2018.10.10"]
[SourceQuality "1"]

1. e4 c5 2. Nf3 Nc6 3. d4 cxd4 4. Nxd4 Nf6 5. Nc3 e5 6. Ndb5 d6 7. Nd5 Nxd5 8. exd5 Nb8 9. c4 Be7 10. Bd3 a6 11. Nc3 0-0 12. 0-0 f5 13. Qc2 e4 14. Be2 Nd7 15. Kh1 Bf6 16. f3 exf3 17. Rxf3 Ne5 18. Rf1 Bd7 19. Be3 Rc8 20. Qb3 Rf7 21. Rac1 g6 22. Na4 Bxa4 23. Qxa4 Nd7 24. b4 Re7 25. Qb3 Qe8 26. Rf3 f4 27. Bxf4 Rxe2 28. Rcf1 Ne5 29. Bxe5 Qxe5 30. Rf4 Qxf4 0-1

[Event "Hamburg HSK Christmas op 1st"]
[Site "Hamburg"]
[Date "2015.12.29"]
[Round "6"]
[White "Zippert, Georg"]
[Black "Falke, Ornella"]
[Result "1-0"]
[WhiteElo "1840"]
[BlackElo "1195"]
[PlyCount "71"]
[EventDate "2015.12.27"]
[EventType "swiss"]
[EventRounds "7"]
[EventCountry "GER"]
[SourceTitle "EXT 2022"]
[Source "ChessBase"]
[SourceDate "2021.10.06"]
[SourceVersion "1"]
[SourceVersionDate "2021.10.06"]
[SourceQuality "1"]

1. e4 d5 2. exd5 Qxd5 3. Nc3 Qa5 4. d4 c6 5. Nf3 Nf6 6. Bd2 e6 7. a3 Be7 8. Bd3 Nbd7 9. Ne4 Qd8 10. c3 c5 11. Qc2 b6 12. dxc5 bxc5 13. Bb5 Bb7 14. Nxf6+ Bxf6 15. Be3 Rc8 16. Rd1 Bc6 17. Bxc6 Rxc6 18. Qa4 Qc7 19. 0-0 0-0 20. Bf4 Nb6 21. Qe4 Qc8 22. Rd2 Nd5 23. Be5 Bxe5 24. Nxe5 Rd6 25. Rfd1 Rfd8 26. Qf4 f6 27. Nc4 R6d7 28. Qe4 Qa6 29. Ne3 Nxc3 30. Rxd7 Nxe4 31. Rxd8+ Kf7 32. R1d7+ Kg6 33. Rg8 Kg5 34. Rgxg7+ Kf4 35. Rg4+ Ke5 36. f4# 1-0

[Event "Hamburg HSK Christmas op 1st"]
[Site "Hamburg"]
[Date "2015.12.27"]
[Round "2"]
[White "Zippert, Georg"]
[Black "Bracker, Arne"]
[Result "1/2-1/2"]
[WhiteElo "1840"]
[BlackElo "2231"]
[PlyCount "80"]
[EventDate "2015.12.27"]
[EventType "swiss"]
[EventRounds "7"]
[EventCountry "GER"]
[SourceTitle "EXT 2022"]
[Source "ChessBase"]
[SourceDate "2021.10.06"]
[SourceVersion "1"]
[SourceVersionDate "2021.10.06"]
[SourceQuality "1"]

1. e4 e5 2. Nf3 Nc6 3. Bc4 Nf6 4. d3 Bc5 5. Bg5 h6 6. Bh4 d6 7. h3 a6 8. a4 Be6 9. Nbd2 g5 10. Bg3 Qd7 11. c3 Ba7 12. Qb3 Na5 13. Bxe6 fxe6 14. Qc2 Nc6 15. Nb3 Nh5 16. d4 0-0-0 17. Rd1 exd4 18. Nbxd4 Nxg3 19. fxg3 Rhf8 20. b4 e5 21. Nf5 Rxf5 22. exf5 e4 23. Nd4 Bxd4 24. cxd4 Nxb4 25. Qb3 Nd3+ 26. Ke2 Qxf5 27. Rhf1 Qd7 28. Rf6 Qc6 29. Kd2 h5 30. Rdf1 b6 31. Qe6+ Kb7 32. Qb3 Re8 33. Rf7 a5 34. Qb5 Qxb5 35. axb5 Nb4 36. Rc1 Nd5 37. Rf5 e3+ 38. Ke2 Nb4 39. Rf7 Nd5 40. Rf5 Nb4 1/2-1/2

[Event "Hamburg-ch Seniors 21st"]
[Site "Hamburg"]
[Date "2014.10.30"]
[Round "3"]
[White "Schulz, Hans Juergen"]
[Black "Zippert, Georg"]
[Result "1/2-1/2"]
[WhiteElo "1865"]
[BlackElo "1720"]
[PlyCount "37"]
[EventDate "2014.10.29"]
[EventType "swiss"]
[EventRounds "9"]
[EventCountry "GER"]
[SourceTitle "EXT 2018"]
[Source "ChessBase"]
[SourceDate "2017.10.13"]
[SourceVersion "1"]
[SourceVersionDate "2017.10.13"]
[SourceQuality "1"]

1. e4 e5 2. d4 exd4 3. c3 dxc3 4. Bc4 Qe7 5. Nxc3 c6 6. Nge2 Nf6 7. Qc2 d6 8. Bg5 Nbd7 9. f4 b5 10. Bxb5 cxb5 11. Nxb5 Nc5 12. e5 dxe5 13. fxe5 Qd7 14. Rd1 Qxb5 15. exf6 Qb4+ 16. Rd2 Bd7 17. 0-0 Rc8 18. Rxd7 Kxd7 19. fxg7 1/2-1/2

[Event "Hamburg-ch Seniors 21st"]
[Site "Hamburg"]
[Date "2014.10.29"]
[Round "1"]
[White "Wagner, Wolfgang"]
[Black "Zippert, Georg"]
[Result "0-1"]
[WhiteElo "1365"]
[BlackElo "1720"]
[PlyCount "84"]
[EventDate "2014.10.29"]
[EventType "swiss"]
[EventRounds "9"]
[EventCountry "GER"]
[SourceTitle "EXT 2018"]
[Source "ChessBase"]
[SourceDate "2017.10.13"]
[SourceVersion "1"]
[SourceVersionDate "2017.10.13"]
[SourceQuality "1"]

1. e4 e5 2. Nf3 Nc6 3. Bb5 a6 4. Ba4 Nf6 5. Nc3 b5 6. Bb3 Be7 7. 0-0 d6 8. d3 Bg4 9. h3 Bh5 10. Nd5 Bxf3 11. Qxf3 Nd4 12. Nxf6+ Bxf6 13. Qd1 Nxb3 14. cxb3 0-0 15. Be3 c5 16. a4 Qd7 17. Qc2 Rfc8 18. f4 exf4 19. Bxf4 Bd4+ 20. Kh1 Qe6 21. Rab1 Rab8 22. Bd2 bxa4 23. bxa4 Qb3 24. Qc4 Qxc4 25. dxc4 Bxb2 26. a5 Be5 27. Rb6 Rxb6 28. axb6 Rb8 29. Ba5 Kf8 30. Rb1 Ke8 31. g4 Bf6 32. Kg2 Bd8 33. Kf3 g5 34. e5 Ke7 35. Ke4 Ke6 36. exd6 Kxd6 37. Rd1+ Kc6 38. Ke5 Bxb6 39. Rd6+ Kc7 40. Bc3 Re8+ 41. Kd5 Re3 42. Be5 Rd3+ 0-1

[Event "Hamburg-ch Seniors 21st"]
[Site "Hamburg"]
[Date "2014.10.29"]
[Round "2"]
[White "Zippert, Georg"]
[Black "Emami, Madjid"]
[Result "1-0"]
[WhiteElo "1720"]
[BlackElo "1951"]
[PlyCount "71"]
[EventDate "2014.10.29"]
[EventType "swiss"]
[EventRounds "9"]
[EventCountry "GER"]
[SourceTitle "EXT 2018"]
[Source "ChessBase"]
[SourceDate "2017.10.13"]
[SourceVersion "1"]
[SourceVersionDate "2017.10.13"]
[SourceQuality "1"]

1. e4 g6 2. d4 Bg7 3. Nf3 d6 4. Be2 Na6 5. 0-0 c5 6. Bxa6 bxa6 7. dxc5 dxc5 8. Qxd8+ Kxd8 9. c3 Nf6 10. Re1 Bb7 11. Nbd2 Nd7 12. Nb3 Rc8 13. Bf4 h6 14. Rad1 Ke8 15. Rd2 Nf6 16. Be5 Kf8 17. Bxf6 Bxf6 18. Na5 Ba8 19. Rd7 g5 20. Rxa7 g4 21. Nd2 Kg7 22. Ndc4 Rb8 23. Rxa6 Rhd8 24. Nc6 Bxc6 25. Rxc6 e6 26. Rxc5 Rd3 27. a4 Rbd8 28. Kf1 Kg6 29. a5 h5 30. a6 h4 31. Ra5 g3 32. hxg3 hxg3 33. fxg3 Rh8 34. a7 Rdd8 35. Ke2 Bg5 36. Rd1 1-0